000 00774cam a2200205 i 4500
005 20251118112752.0
008 250721s2009 jo gr 000 0 ara d
082 1 4 _a210.429564
_bن ح و
100 1 _aالنحوي، عدنان بن علي
_eمؤلف.
245 1 0 _aفلسطين بين المنهاج الرباني والواقع /
_cالدكتور عدنان بن علي رضا بن محمد النحوي.
250 _aالطبعة الخامسة.
264 3 1 _aعمان :
_bدار النحوي للنشر،
_c2009.
300 _a181 صفحة.
650 1 7 _aالقضية الفلسطينية.
650 1 7 _aالإسلام.
650 1 7 _aتاريخ فلسطين.
653 _aقضايا الإصلاح.
942 _2ddc
_cBK
999 _c122608
_d122608